The quest for Nitrogen fixayion in rice
Frontier project on assessing opportunities for nitrogen fixation in rice (Working group meeting) (3rd : 1999 Aug : Los Baños, Philippines)
Saved in:
| Corporate Author: | |
|---|---|
| Format: | Book |
| Language: | Undetermined |
| Published: |
Philippines
IRRI
2000
|
| Subjects: | |
| Tags: |
Add Tag
No Tags, Be the first to tag this record!
|
| Institutions: | Trung tâm Học liệu Trường Đại học Cần Thơ |
|---|
| LEADER | 00770nam a2200205Ia 4500 | ||
|---|---|---|---|
| 001 | CTU_138589 | ||
| 008 | 210402s9999 xx 000 0 und d | ||
| 082 | |a 631.422 | ||
| 082 | |b I.61 | ||
| 110 | |a International Rice Research Institute (IRRI) | ||
| 245 | 4 | |a The quest for Nitrogen fixayion in rice | |
| 245 | 0 | |c IRRI. edited by J.K. Ladha, P.M. Reddy | |
| 260 | |a Philippines | ||
| 260 | |b IRRI | ||
| 260 | |c 2000 | ||
| 520 | |a Frontier project on assessing opportunities for nitrogen fixation in rice (Working group meeting) (3rd : 1999 Aug : Los Baños, Philippines) | ||
| 650 | |a Agriculture,Nông nghiệp | ||
| 650 | |x Organic, chemistry,Hữu cơ, hóa học | ||
| 904 | |i Trọng Hiếu | ||
| 980 | |a Trung tâm Học liệu Trường Đại học Cần Thơ | ||